[Event "3rd 4NCL Easter Congress"]
[Site "Mercure Daventry Court Hotel"]
[Date "2023.04.07"]
[Round "1"]
[Board "1"]
[White "Mikalajunas, Kajus"]
[Black "Arkell, Keith C"]
[Result "0-1"]
[WhiteElo "1806"]
[BlackElo "2392"]
[PlyCount "0"]
[EventDate "2023.04.07"]
[EventRounds "7"]
[EventCountry "ENG"]

1. e4 d5 2. exd5 Qxd5 3. Nf3 Nf6 4. d4 Bg4 5. Be2 c6 6. h3 Bxf3 7. Bxf3 Qd8 8. O-O
e6 9. c4 Nbd7 10. Qb3 Qb6 11. Be3 Qxb3 12. axb3 Bd6 13. Nc3 a6 14. Rfd1 O-O 15. d5
cxd5 16. cxd5 e5 17. Bg5 h6 18. Bxf6 Nxf6 19. g4 Rfc8 20. Ne4 Nxe4 21. Bxe4 Rc5 22.
Rac1 Rac8 23. Rxc5 Rxc5 24. Rd3 Kf8 25. Rc3 Rb5 26. Kf1 Rb4 27. f3 Ke7 28. Ke2 g6
29. Kd1 Kf6 30. h4 Ke7 31. h5 gxh5 32. gxh5 Kf6 33. Kc2 Kg5 34. Rc8 f5 35. Rg8+ Kf4
36. Bd3 e4 37. fxe4 fxe4 38. Bf1 Ke3 39. Rg6 Bf4 40. Re6 Rd4 41. Re7 b5 42. Re6 Rxd5
43. Rxa6 Rc5+ 44. Kb1 Rxh5 45. Ka2 Re5 46. Rb6 Kf3 47. Bxb5 Rxb5  0-1

[Event "3rd 4NCL Easter Congress"]
[Site "Mercure Daventry Court Hotel"]
[Date "2023.04.07"]
[Round "1"]
[Board "2"]
[White "Hebden, Mark L"]
[Black "Ackley, Peter JE"]
[Result "1-0"]
[WhiteElo "2430"]
[BlackElo "1931"]
[PlyCount "0"]
[EventDate "2023.04.07"]
[EventRounds "7"]
[EventCountry "ENG"]

1. d4 d6 2. e4 g6 3. Bc4 Bg7 4. Nf3 Nf6 5. Qe2 O-O 6. e5 dxe5 7. dxe5 Nd5 8. O-O
Be6 9. Bb3 c6 10. Ng5 Nd7 11. Nxe6 fxe6 12. Nc3 Qc7 13. Bd2 Rf5 14. Rae1 Raf8 15.
Ne4 Qxe5 16. c3 Kh8 17. g3 N7f6 18. Ng5 Qc7 19. Nxe6  1-0

[Event "3rd 4NCL Easter Congress"]
[Site "Mercure Daventry Court Hotel"]
[Date "2023.04.07"]
[Round "1"]
[Board "3"]
[White "Verma, Shlok"]
[Black "Davies, Nigel R"]
[Result "0-1"]
[WhiteElo "1950"]
[BlackElo "2381"]
[PlyCount "0"]
[EventDate "2023.04.07"]
[EventRounds "7"]
[EventCountry "ENG"]

1. d4 Nf6 2. c4 e6 3. Nf3 b6 4. g3 Ba6 5. Qc2 Bb7 6. Bg2 c5 7. dxc5 bxc5 8. O-O Be7
9. Nc3 O-O 10. Rd1 Nc6 11. a3 Qb6 12. Be3 Na5 13. Na4 Qb3 14. Qxb3 Nxb3 15. Rab1
Rfc8 16. Nd2 Bxg2 17. Kxg2 Rab8 18. Nxb3 Rxb3 19. Rd3 Rb7 20. Bg5 h6 21. Bxf6 Bxf6
22. Rbd1 Rcc7 23. R1d2 Kf8 24. b3 Ke7 25. Nc3 Bxc3 26. Rxc3 Rc6 27. Rdd3 Ra6 28.
a4 Rd6 29. Kf1 Rxd3 30. Rxd3 g5 31. e4 Rb6 32. Ke2 Rd6 33. Rxd6 Kxd6 34. a5 Ke5 35.
Kd3 g4 36. Ke3 f5 37. exf5 Kxf5 38. f4 a6 39. Kd3 d6 40. Ke3 e5 41. fxe5 dxe5 42.
Kd3 e4+ 43. Kc3 Ke5 44. b4 cxb4+ 45. Kxb4 Kd4 46. Kb3 e3  0-1

[Event "3rd 4NCL Easter Congress"]
[Site "Mercure Daventry Court Hotel"]
[Date "2023.04.07"]
[Round "1"]
[Board "4"]
[White "Turner, Max N"]
[Black "Kay, Lee P"]
[Result "1-0"]
[WhiteElo "2264"]
[BlackElo "1923"]
[PlyCount "0"]
[EventDate "2023.04.07"]
[EventRounds "7"]
[EventCountry "ENG"]

1. d4 g6 2. Nf3 Bg7 3. g3 d6 4. Bg2 e5 5. O-O Nc6 6. d5 Nce7 7. e4 Nf6 8. Re1 O-O
9. c4 Nh5 10. Nc3 f5 11. exf5 Bxf5 12. Ng5 Bd7 13. c5 Nf6 14. c6 bxc6 15. dxc6 Bxc6
16. Bxc6 Nxc6 17. Ne6 Qd7 18. Nxf8 Rxf8 19. Be3 Qh3 20. Qf3 Nb4 21. Re2 Ng4 22. Qg2
Qxg2+ 23. Kxg2 Nxe3+ 24. fxe3 c6 25. e4 Rb8 26. a3 Na6 27. b4 Nc7 28. Rd1 Bf8 29.
Rf2 Ne6 30. Rdf1 Rb7 31. Rf6 Re7 32. b5 Bg7 33. Rxe6 Rxe6 34. bxc6 Re8 35. Nd5  1-0

[Event "3rd 4NCL Easter Congress"]
[Site "Mercure Daventry Court Hotel"]
[Date "2023.04.07"]
[Round "1"]
[Board "5"]
[White "Ireland, David J"]
[Black "Okhai, Shabir"]
[Result "0-1"]
[WhiteElo "1932"]
[BlackElo "2127"]
[PlyCount "0"]
[EventDate "2023.04.07"]
[EventRounds "7"]
[EventCountry "ENG"]

1. d4 Nf6 2. Bf4 d5 3. e3 e6 4. c4 c5 5. Nc3 cxd4 6. exd4 dxc4 7. Bxc4 a6 8. a4 Bb4
9. Nf3 Nc6 10. O-O O-O 11. Qd3 Bd6 12. Bg3 Nb4 13. Qe2 Bxg3 14. hxg3 Bd7 15. Ne5
Rc8 16. Rfd1 Qe7 17. Rac1 Rfd8 18. g4 h6 19. Ne4 Bxa4 20. b3 Nxe4 21. Qxe4 Be8 22.
f4 b5 23. Be2 Rxc1 24. Rxc1 Qd6 25. Nf3 Bc6 26. Qe5 Bxf3 27. Bxf3 Qxd4+  0-1

[Event "3rd 4NCL Easter Congress"]
[Site "Mercure Daventry Court Hotel"]
[Date "2023.04.07"]
[Round "1"]
[Board "6"]
[White "Verma, Aditya"]
[Black "Sandhu, Manvith"]
[Result "1/2-1/2"]
[WhiteElo "2149"]
[BlackElo "1860"]
[PlyCount "0"]
[EventDate "2023.04.07"]
[EventRounds "7"]
[EventCountry "ENG"]

1. e4 c5 2. Nf3 e6 3. d4 cxd4 4. Nxd4 a6 5. Nc3 Qc7 6. g3 Nf6 7. Bg2 d6 8. O-O Be7
9. Be3 O-O 10. h3 Nc6 11. Qd2 Bd7 12. g4 Nxd4 13. Bxd4 Bc6 14. Rad1 b5 15. a3 Rad8
16. g5 Nd7 17. f4 e5 18. Bf2 exf4 19. Qxf4 Ne5 20. Qc1 Rc8 21. Ne2 Qb7 22. Ng3 g6
23. Bd4 f5 24. gxf6 Bxf6 25. Qe3 Nc4 26. Qc3 Ne5 27. Qb3+ Kg7 28. Rf2 Bh4 29. Rdf1
Rxf2 30. Rxf2 Rf8 31. Rxf8 Kxf8 32. Qe3 Kg8 33. Ne2 Qf7 34. Qf4 Qxf4 35. Nxf4 Kf7
36. b3 Bg5 37. Nd5 Bc1 38. Nb4 a5 39. Nxc6 Nxc6 40. Bb6 Bxa3 41. Bf1 Bc5+ 42. Bxc5
dxc5 43. Bxb5 Nd4 44. Bd3 Kf6 45. Kf2 Ke5 46. Ke3 h6 47. Kd2 g5 48. Kc3 h5 49. Kc4
g4 50. hxg4 hxg4 51. Kxc5 g3 52. Bf1 Nxc2 53. Kb5 Nd4+ 54. Kxa5 Nxb3+ 55. Kb4 Nd2
56. Bg2 Nxe4 57. Kc4 Nf2 58. Kc3 Kf4 59. Kd2 Ng4 60. Ke2 Ne3 61. Bh1 Nf5 62. Bg2
Kg4 63. Kf1 Nh4 64. Kg1 Nf3+ 65. Bxf3+ Kxf3 66. Kf1  1/2-1/2

[Event "3rd 4NCL Easter Congress"]
[Site "Mercure Daventry Court Hotel"]
[Date "2023.04.07"]
[Round "1"]
[Board "7"]
[White "Turner, Lewis A"]
[Black "Villiers, Thomas"]
[Result "1/2-1/2"]
[WhiteElo "1825"]
[BlackElo "2160"]
[PlyCount "0"]
[EventDate "2023.04.07"]
[EventRounds "7"]
[EventCountry "ENG"]

1. e4 e5 2. Nf3 Nf6 3. Nxe5 d6 4. Nf3 Nxe4 5. d4 d5 6. Bd3 Be7 7. O-O O-O 8. c4 Bf5
9. cxd5 Qxd5 10. Bxe4 Bxe4 11. Nc3 Bxf3 12. Nxd5 Bxd5 13. Bf4 c6 14. Re1 Bb4 15.
Re3 Nd7 16. a3 Ba5 17. b4 Bb6 18. Bd6 Rfe8 19. Qd2 Nf6 20. Rxe8+ Rxe8 21. Bc5 Ne4
22. Re1 h6 23. Qc2 Re6 24. Bxb6 axb6 25. f3 Ng5 26. Rxe6 Nxe6 27. Qd2 b5 28. Qe3
f6 29. Kf2 Kf7 30. Ke1 Nf8 31. Kd2 Ng6 32. g3 Ne7 33. g4 g5 34. f4 Ng6 35. fxg5 hxg5
36. Qg3 Nf4 37. h4 Be6 38. h5 Kg7 39. Ke1 Kh6 40. Kf2 f5 41. gxf5 Bxf5 42. Qf3 Be6
43. Qe4 Bd5 44. Qe7 Nxh5 45. Qxb7 g4 46. Qc7 g3+ 47. Kg1 Kg5 48. Qe5+ Kg4 49. Qe2+
Kg5 50. Qe5+ Kg4 51. Qe2+ Bf3 52. Qe6+ Kf4 53. Qe5+ Kg4 54. Qe6+ Kg5 55. Qe5+ Kg4
 1/2-1/2

[Event "3rd 4NCL Easter Congress"]
[Site "Mercure Daventry Court Hotel"]
[Date "2023.04.07"]
[Round "1"]
[Board "8"]
[White "Burrows, Martin P"]
[Black "Pal, Rohan"]
[Result "0-1"]
[WhiteElo "2121"]
[BlackElo "1849"]
[PlyCount "0"]
[EventDate "2023.04.07"]
[EventRounds "7"]
[EventCountry "ENG"]

1. e4 c5 2. Nf3 Nc6 3. d4 cxd4 4. Nxd4 Nf6 5. Nc3 e6 6. Ndb5 d6 7. Bf4 e5 8. Bg5
a6 9. Na3 b5 10. Nd5 Be7 11. Bxf6 Bxf6 12. c3 O-O 13. Nc2 Bg5 14. a4 bxa4 15. Rxa4
a5 16. Bc4 Rb8 17. b3 Be6 18. Nce3 g6 19. h4 Bxh4 20. g3 Bg5 21. f4 exf4 22. gxf4
Bh4+ 23. Kd2 Bf6 24. Kc2 Bg7 25. Qg1 Bxd5 26. Nxd5 Ne7 27. Qh2 h5 28. Ne3 Qb6 29.
Qd2 Rfc8 30. Kd3 d5 31. exd5 Qf6 32. Rf1 Nf5 33. Kc2 Ng3 34. Rf3 Ne4 35. Qd4 Qe7
36. d6 Nxd6 37. Nd5 Qd7 38. Qd3 Rd8 39. Rxa5 Nxc4 40. Qxc4 Rbc8 41. Qe4 Re8 42. Qd3
Qg4 43. Kb2 Qg2+ 44. Ka3 Re2 45. Ka4 Ra2+ 46. Kb5 Rxa5+ 47. Kxa5 Qa2+ 48. Kb5 Qxb3+
49. Nb4 Bxc3 50. Qd6 Qc4+  0-1

[Event "3rd 4NCL Easter Congress"]
[Site "Mercure Daventry Court Hotel"]
[Date "2023.04.07"]
[Round "1"]
[Board "9"]
[White "Gardiner, Eric D"]
[Black "Dignam, Matthew P"]
[Result "0-1"]
[WhiteElo "1860"]
[BlackElo "2057"]
[PlyCount "0"]
[EventDate "2023.04.07"]
[EventRounds "7"]
[EventCountry "ENG"]

1. e4 e6 2. d4 d5 3. exd5 exd5 4. Nf3 Nc6 5. Bb5 Bd6 6. c4 dxc4 7. d5 a6 8. Ba4 b5
9. dxc6 bxa4 10. O-O Ne7 11. Qxa4 Be6 12. Nbd2 Bd5 13. Nxc4 Bxf3 14. Nxd6+ Qxd6 15.
gxf3 O-O 16. Be3 Rab8 17. Rad1 Qg6+ 18. Qg4 Qxc6 19. Rc1 Qd5 20. Rfd1 Qxa2 21. Rxc7
Ng6 22. f4 Rxb2 23. Bc5 h5 24. Qg5 Qa4 25. Rd4 Qa5 26. Rd8 Qxc7 27. Bxf8 Nxf8  0-1

[Event "3rd 4NCL Easter Congress"]
[Site "Mercure Daventry Court Hotel"]
[Date "2023.04.07"]
[Round "1"]
[Board "10"]
[White "Dilley, Jason M"]
[Black "Madhavan, Sanjith"]
[Result "1-0"]
[WhiteElo "2090"]
[BlackElo "1961"]
[PlyCount "0"]
[EventDate "2023.04.07"]
[EventRounds "7"]
[EventCountry "ENG"]

1. d4 Nf6 2. Bg5 e6 3. Nf3 h6 4. Bxf6 Qxf6 5. e4 d5 6. Nbd2 g6 7. Bd3 Bg7 8. O-O
O-O 9. c3 Nd7 10. e5 Qe7 11. b4 c6 12. h4 f5 13. exf6 Qxf6 14. Qc2 e5 15. dxe5 Nxe5
16. Nxe5 Qxe5 17. Rac1 g5 18. Nf3 Qf4 19. hxg5 hxg5 20. Qd2 Qxd2 21. Nxd2 g4 22.
Rfe1 Bf5 23. Bxf5 Rxf5 24. Re7 Raf8 25. f3 Bh6 26. Rd1 g3 27. Nf1 Bf4 28. Rde1 R5f7
29. R7e6 Rf6 30. Re7 R8f7 31. Re8+ Kg7 32. Ne3 Rf8 33. Re7+ R6f7 34. Re6 Bc7 35.
Kf1 Rh8 36. Ng4 Rh1+ 37. Ke2 Rxe1+ 38. Kxe1 Kf8 39. Kd2 Bb6 40. Rf6 Rxf6 41. Nxf6
Ke7 42. Nh5 Bc7 43. f4 Ke6 44. Ke3 a5 45. a3 axb4 46. axb4 Bd6 47. Nxg3 c5 48. b5
d4+ 49. cxd4 cxd4+ 50. Ke4 d3 51. Nf1 Bb4 52. Kxd3 Kd5 53. Ne3+ Kc5 54. Nc2 Kxb5
55. Nxb4 Kxb4 56. f5 Kc5 57. g4 Kd5 58. f6 Ke6 59. g5 Kf7 60. Kc4  1-0

[Event "3rd 4NCL Easter Congress"]
[Site "Mercure Daventry Court Hotel"]
[Date "2023.04.07"]
[Round "1"]
[Board "12"]
[White "Walker, Martin G"]
[Black "Subramanian, Anusha"]
[Result "1/2-1/2"]
[WhiteElo "2083"]
[BlackElo "1827"]
[PlyCount "0"]
[EventDate "2023.04.07"]
[EventRounds "7"]
[EventCountry "ENG"]

1. e4 e6 2. d4 d5 3. Nd2 dxe4 4. Nxe4 Nd7 5. Nf3 Ngf6 6. Nxf6+ Nxf6 7. Bd3 c5 8.
O-O cxd4 9. Nxd4 Bc5 10. Nb3 Bd6 11. Qf3 Qc7 12. h3 Bd7 13. Nd4 a6 14. Re1 O-O 15.
Bg5 Nd5 16. c3 Nf4 17. Be4 Rab8 18. a4 Ng6 19. Bc2 Be5 20. Be3 Rbd8 21. Qh5 Bxd4
22. Bxd4 Bc6 23. Bxg6 hxg6 24. Qe5 Qxe5 25. Rxe5 Rd5 26. Rxd5 Bxd5 27. b4 Bc4 28.
f4 Rd8 29. Kf2 Kf8 30. Rd1 Kg8 31. Re1 Bb3 32. a5 Rc8 33. g4 f6 34. Re3 Bc4 35. h4
Kf7 36. Kg3 Bb3 37. Re2 Ba4 38. Rd2 Rd8 39. Kf3 Rh8 40. Kg3 Rd8 41. Re2 Bb3 42. Re1
 1/2-1/2

[Event "3rd 4NCL Easter Congress"]
[Site "Mercure Daventry Court Hotel"]
[Date "2023.04.07"]
[Round "1"]
[Board "13"]
[White "Kothari, Jai"]
[Black "Shearsby, Jude"]
[Result "0-1"]
[WhiteElo "1722"]
[BlackElo "2041"]
[PlyCount "0"]
[EventDate "2023.04.07"]
[EventRounds "7"]
[EventCountry "ENG"]

1. e4 c5 2. Nf3 d6 3. d4 cxd4 4. Nxd4 Nf6 5. Nc3 a6 6. f3 e5 7. Nb3 Be6 8. Be3 Be7
9. Be2 O-O 10. O-O Nbd7 11. Nd5 Nxd5 12. exd5 Bf5 13. f4 exf4 14. Bxf4 Bg6 15. Bd3
Bg5 16. Bg3 Bf6 17. c3 Ne5 18. Bxg6 hxg6 19. Bf2 Qd7 20. h3 Rfe8 21. Rb1 Qa4 22.
Nc1 Qc4 23. Qd2 Rac8 24. Rd1 Qe4 25. Nb3 Nc4 26. Qc1 Qf5 27. Nd4 Bxd4 28. Rxd4 Re2
29. Rf4 Qxd5 30. Rd4 Qf5 31. Rf4 Qe6 32. b3 Ne5 33. Qd1 Nc6 34. a4 Ne7 35. c4 g5
36. Rf3 Ng6 37. Rd3 Re8 38. Rxd6 Qf5 39. Bg3 Nf4 40. Bxf4 Qxf4  0-1

[Event "3rd 4NCL Easter Congress"]
[Site "Mercure Daventry Court Hotel"]
[Date "2023.04.07"]
[Round "1"]
[Board "15"]
[White "Liu, Jason"]
[Black "Chan, Sheng Liang Bernard"]
[Result "0-1"]
[WhiteElo "1965"]
[BlackElo "2043"]
[PlyCount "0"]
[EventDate "2023.04.07"]
[EventRounds "7"]
[EventCountry "ENG"]

1. e4 c5 2. Nf3 d6 3. d4 cxd4 4. Nxd4 Nf6 5. Nc3 g6 6. Be3 Bg7 7. f3 O-O 8. Qd2 Nc6
9. O-O-O d5 10. exd5 Nxd5 11. Nxc6 bxc6 12. Bd4 e5 13. Bc5 Re8 14. Ne4 Qc7 15. h4
f5 16. Nd6 Rd8 17. Nxc8 Raxc8 18. Bc4 h5 19. g4 Kh7 20. Qf2 Qf7 21. Qe2 fxg4 22.
fxg4 Qf4+ 23. Kb1 Rb8 24. Bb3 Qxg4 25. Qxg4 hxg4 26. Rdg1 Nf6 27. Be7 Rd4 28. c3
Rf4 29. Bd6 Rb5 30. c4 Rb7 31. Bxe5 Re4 32. Bxf6 Bxf6 33. h5 gxh5 34. Rxh5+ Kg6 35.
Rc5 Bd4 36. Rxc6+ Kg5 37. Rg2 Kf4 38. c5 g3 39. Rg6 Bf2 40. c6 Rxb3 41. axb3 Kf3
42. R2xg3+ Bxg3 43. Kc2 Be5 44. Kd3 Rd4+ 45. Kc2 Ke4 46. Rh6 Rd8 47. Rh7 Bd4 48.
b4 Kd5 49. c7 Rc8 50. Rd7+ Ke4 51. Kb3 Bb6 52. Ka4 Rxc7 53. Rd1 Rc2 54. b3 Rc3 55.
b5 Rd3 56. Rc1 Kd5 57. Rc6 Rd1 58. Rc8 Ra1+  0-1

[Event "3rd 4NCL Easter Congress"]
[Site "Mercure Daventry Court Hotel"]
[Date "2023.04.07"]
[Round "1"]
[Board "16"]
[White "Thompson, Ian D"]
[Black "Estevez Fernandez, Josue"]
[Result "0-1"]
[WhiteElo "2078"]
[BlackElo "1832"]
[PlyCount "0"]
[EventDate "2023.04.07"]
[EventRounds "7"]
[EventCountry "ENG"]

1. c4 e6 2. Nc3 d5 3. d4 a6 4. cxd5 exd5 5. Nf3 Nf6 6. Bg5 Be6 7. e3 Nbd7 8. Bd3
h6 9. Bh4 g5 10. Bg3 Nh5 11. Ne2 Bb4+ 12. Kf1 Nxg3+ 13. Nxg3 g4 14. Ng1 h5 15. h3
Qf6 16. hxg4 Bxg4 17. Qc2 Bd6 18. Nf5 Bxf5 19. Bxf5 O-O-O 20. Ne2 Kb8 21. Bh3 Qg7
22. Qf5 Nf6 23. Nc3 h4 24. Rc1 c6 25. Ke2 Rde8 26. Kd2 Bb4 27. Kc2 Bxc3 28. bxc3
Ne4 29. Rb1 Nd6 30. Qd3 Nc4 31. Rbe1 Qf6 32. Re2 Qd6 33. Kb1 Qa3 34. Qc2 Qe7 35.
Ka1 b5 36. Rhe1 Na3 37. Qd3 Qf6 38. f3 Re7 39. e4 dxe4 40. fxe4 Rhe8 41. e5 Qg5 42.
Qf3 Kc7 43. Bf5 Nc4 44. Bd3 Nb6 45. Qf5 Qxf5 46. Bxf5 Nd5 47. Kb2 Rg8 48. Rf2 Rg3
49. Rc1 Ne3 50. Be4 Nd5 51. Bxd5 cxd5 52. a4 Kb6 53. axb5 Kxb5 54. Kb3 Rb7 55. Rh1
Rc7 56. Rc2 a5 57. Rxh4 a4+ 58. Kb2 Kc4 59. Rh3 Rb7+ 60. Ka3 Rb3+ 61. Kxa4 Rg8  0-1

[Event "3rd 4NCL Easter Congress"]
[Site "Mercure Daventry Court Hotel"]
[Date "2023.04.07"]
[Round "1"]
[Board "17"]
[White "Vijayakumar, Rishi"]
[Black "Garcia-Ruiz, Aitor"]
[Result "1/2-1/2"]
[WhiteElo "1846"]
[BlackElo "2078"]
[PlyCount "0"]
[EventDate "2023.04.07"]
[EventRounds "7"]
[EventCountry "ENG"]

1. d4 Nf6 2. c4 g6 3. g3 Bg7 4. Bg2 O-O 5. Nf3 d6 6. O-O Nc6 7. Nc3 a6 8. b3 Rb8
9. d5 Na5 10. Be3 c5 11. dxc6 bxc6 12. h3 c5 13. Qd2 Re8 14. Rad1 Nc6 15. Ng5 Bb7
16. Nge4 Nxe4 17. Nxe4 Nd4 18. g4 a5 19. f4 a4 20. Bxd4 Bxd4+ 21. e3 Bg7 22. Qc2
axb3 23. axb3 Qb6 24. Rb1 Ra8 25. f5 Ra3 26. fxg6 fxg6 27. Ng5 Bf6 28. Ne4 Bg7 29.
Ng5  1/2-1/2

[Event "3rd 4NCL Easter Congress"]
[Site "Mercure Daventry Court Hotel"]
[Date "2023.04.07"]
[Round "1"]
[Board "18"]
[White "Mason, Donald J"]
[Black "Gordon, Sean"]
[Result "0-1"]
[WhiteElo "2067"]
[BlackElo "1753"]
[PlyCount "0"]
[EventDate "2023.04.07"]
[EventRounds "7"]
[EventCountry "ENG"]

1. c4 e5 2. Nc3 Nf6 3. Nf3 Nc6 4. e4 Bb4 5. d3 d6 6. Be2 Bc5 7. O-O O-O 8. Bg5 h6
9. Bh4 Nd4 10. b4 Nxf3+ 11. Bxf3 Bd4 12. Rc1 g5 13. Bg3 a5 14. b5 c5 15. Ne2 b6 16.
h3 Kg7 17. Nxd4 cxd4 18. Bg4 Bxg4 19. hxg4 Rh8 20. f4 gxf4 21. Bh4 Qd7 22. g3 Nxg4
23. gxf4 Ne3 24. Qh5 Nxf1 25. Rxf1 Rag8 26. fxe5 Kh7+ 27. Kh2 Rg6 28. exd6 Qxd6+
29. e5 Qe6 30. Rf6 Rxf6 31. exf6 Rg8 32. Qf3 Rg6 33. a4 Qd6+ 34. Bg3 Qe6 35. Qe4
Qxf6 36. c5 Qg5 37. Qf4 Qxc5 38. Qxf7+ Rg7 39. Qf3 Qg5 40. Qe4+ Qg6 41. Qxg6+ Rxg6
42. Be5 Kg8 43. Bxd4 Kf7 44. Kh3 Rd6  0-1

[Event "3rd 4NCL Easter Congress"]
[Site "Mercure Daventry Court Hotel"]
[Date "2023.04.07"]
[Round "1"]
[Board "19"]
[White "Miller, George I"]
[Black "McCumiskey, Andrew P"]
[Result "1-0"]
[WhiteElo "1841"]
[BlackElo "2001"]
[PlyCount "0"]
[EventDate "2023.04.07"]
[EventRounds "7"]
[EventCountry "ENG"]

1. e4 d6 2. d4 g6 3. Be3 Bg7 4. Qd2 a6 5. Nc3 b5 6. O-O-O Bb7 7. f3 Nd7 8. h4 h6
9. Nh3 e6 10. Nf2 Ne7 11. Ng4 Ng8 12. Nf2 Nb6 13. Kb1 b4 14. Ne2 Nc4 15. Qxb4 Nxe3
16. Rd3 Rb8 17. Qa4+ c6 18. Rxe3 Ne7 19. h5 O-O 20. hxg6 fxg6 21. Rb3 Qc7 22. Nd3
c5 23. dxc5 dxc5 24. Qc4 Kh7 25. Qxc5 Qd7 26. Qg5 Rbc8 27. Nc5 Qd1+ 28. Qc1 Qxc1+
29. Nxc1 Rxc5 30. Rxb7 Nc6 31. Nd3 Rg5 32. Rb6 Nd4 33. Rxa6 Rc8 34. c3 Nc6 35. a3
Kg8 36. Nb4 Nd8 37. Kc2 h5 38. Kb3 Nb7 39. Kc2 Nc5 40. Rc6 Rf8 41. Na6 Nxa6 42. Rxa6
Kf7 43. Ra7+ Kg8 44. Re7 e5 45. a4 Rd8 46. a5 Bf8 47. Rb7 Bc5 48. a6 Ra8 49. b4 Bf2
50. b5 h4 51. b6 Rh5 52. a7  1-0

[Event "3rd 4NCL Easter Congress"]
[Site "Mercure Daventry Court Hotel"]
[Date "2023.04.07"]
[Round "1"]
[Board "20"]
[White "Baer, Bruce L"]
[Black "Ali, Golam S"]
[Result "1-0"]
[WhiteElo "1963"]
[BlackElo "1781"]
[PlyCount "0"]
[EventDate "2023.04.07"]
[EventRounds "7"]
[EventCountry "ENG"]

1. Nf3 c5 2. g3 Nf6 3. Bg2 Nc6 4. d3 d5 5. O-O e5 6. Bg5 Be7 7. Nfd2 O-O 8. Nc3 Be6
9. e4 d4 10. Bxf6 Bxf6 11. Nd5 Bxd5 12. exd5 Nb4 13. a3 Nxd5 14. Qf3 Nc7 15. Qxb7
Rb8 16. Qxa7 Rxb2 17. Qxc5 Ne6 18. Qc6 Qc8 19. Nc4 Qxc6 20. Bxc6 Rxc2 21. a4 Rc8
22. Bd7 Rc7 23. Bxe6 fxe6 24. Rfe1 e4 25. Rxe4 R2xc4 26. dxc4 Rxc4 27. Rxe6 Kf7 28.
Re4 Rc8 29. a5 Ra8 30. Kf1 d3 31. Rd1 Rxa5 32. Rxd3 h6 33. Kg2 h5 34. Rd7+ Kg6 35.
h4 Kf5 36. Rf4+ Ke6 37. Rb7 Ra6 38. Rfb4 Kf5 39. R7b6 Ra2 40. R4b5+ Kg6 41. Rd6 Rc2
42. Rdd5 Kf7 43. Rxh5 g6 44. Rhc5 Rd2 45. Rc6 Ra2 46. Rb7+ Be7 47. Rcc7 Re2 48. Kf3
Re6 49. Kg4 Kf6 50. Rxe7 Rxe7 51. Rxe7 Kxe7 52. h5  1-0

[Event "3rd 4NCL Easter Congress"]
[Site "Mercure Daventry Court Hotel"]
[Date "2023.04.07"]
[Round "1"]
[Board "21"]
[White "Gibson, Christopher A"]
[Black "White, Stuart A"]
[Result "0-1"]
[WhiteElo "1841"]
[BlackElo "2051"]
[PlyCount "0"]
[EventDate "2023.04.07"]
[EventRounds "7"]
[EventCountry "ENG"]

1. e4 c5 2. c3 Nf6 3. e5 Nd5 4. Nf3 d6 5. exd6 e6 6. Bc4 Bxd6 7. O-O O-O 8. d3 Nc6
9. a4 b6 10. Re1 Bb7 11. Nbd2 Qc7 12. Ne4 Bf4 13. Qe2 Rad8 14. Be3 Na5 15. Ba2 Nxe3
16. fxe3 Bxe4 17. dxe4 Be5 18. Rf1 Bf6 19. Rf2 Nc6 20. Raf1 Ne5 21. Ne1 Qe7 22. g3
Rd6 23. Nf3 Ng4 24. Rg2 Bg5 25. Nxg5 Qxg5 26. Re1 Rfd8 27. h4 Qg6 28. e5 Nxe5 29.
Bb1 Qg4 30. Qxg4 Nxg4 31. Be4 Rd2 32. Rge2 Ne5 33. Kf1 R2d6 34. b4 c4 35. Ra2 Nd3
36. Rea1 f5 37. Bf3 e5 38. a5 e4 39. Be2 b5 40. a6 Kf7 41. Ra5 Rb6 42. Rd1 Rdd6 43.
Rda1 Ne5 44. R1a2 Kf6 45. Ra1 Nf7 46. g4 g6 47. Rd1 Rxd1+ 48. Bxd1 Nd8 49. gxf5 gxf5
50. Bh5 Ke7 51. Ra2 Rh6 52. Be2 Ne6 53. Rd2 Nc7 54. h5 Rxa6 55. Kf2 Ra3 56. Rd1 Rxc3
57. Rg1 Ne6 58. Ra1 Kf6 59. Rxa7 Rb3 60. Rxh7 c3 61. Rh8 Rxb4 62. Rc8 f4 63. exf4
Nxf4 64. h6 Kg6 65. Bxb5 Rxb5 66. Rxc3 Kxh6 67. Rc4 Re5 68. Ke3 Ng2+ 69. Kd4 Re8
70. Rc2 Nh4 71. Re2 Nf5+ 72. Kd5 e3 73. Kc4 Kg5 74. Kd3 Kf4 75. Re1 Rd8+ 76. Ke2
Ng3#  0-1

[Event "3rd 4NCL Easter Congress"]
[Site "Mercure Daventry Court Hotel"]
[Date "2023.04.07"]
[Round "1"]
[Board "23"]
[White "Moss, Jack O"]
[Black "Briggs, John Nicholas"]
[Result "1-0"]
[WhiteElo "1814"]
[BlackElo "1994"]
[PlyCount "0"]
[EventDate "2023.04.07"]
[EventRounds "7"]
[EventCountry "ENG"]

1. d4 d6 2. Nf3 Nf6 3. g3 Nbd7 4. Bg2 e5 5. O-O c6 6. c4 e4 7. Nfd2 d5 8. Nc3 Be7
9. cxd5 cxd5 10. f3 exf3 11. Nxf3 O-O 12. Nh4 Nb6 13. Nf5 Bxf5 14. Rxf5 Qd7 15. Rf1
Rfe8 16. Qd3 Rad8 17. a4 a5 18. Nb5 Ne4 19. Bf4 Bd6 20. Nxd6 Nxd6 21. b3 Ne4 22.
Rac1 Rc8 23. Rxc8 Nxc8 24. Rc1 Ncd6 25. Bxd6 Qxd6 26. Qb5 Qe7 27. Rc7 Qd8 28. Bxe4
dxe4 29. e3 Rf8 30. Qxb7 Qd6 31. Rc8 g6 32. Rxf8+ Qxf8 33. Qxe4 Qa3 34. Qd3 Qc1+
35. Kg2 Qb2+ 36. Kh3 Qf2 37. e4 h5 38. e5 Kg7 39. g4 hxg4+ 40. Kxg4 Qg1+ 41. Kh3
Qf2 42. d5 g5 43. d6 Qh4+ 44. Kg2 Qg4+ 45. Qg3 Qe2+ 46. Kg1 Qd1+ 47. Kf2 Qd2+ 48.
Kf3 Qd1+ 49. Ke4 Qh1+ 50. Kd4 Qa1+ 51. Kc5 Qa3+ 52. Kc6 Qc1+ 53. Kb5 Qd2 54. Kc6
Qc1+ 55. Kb6 Qd2 56. d7 Kf8 57. e6 Qb4+ 58. Ka6  1-0

[Event "3rd 4NCL Easter Congress"]
[Site "Mercure Daventry Court Hotel"]
[Date "2023.04.07"]
[Round "1"]
[Board "24"]
[White "Nawalaniec, Adam"]
[Black "Gibbon, Eric"]
[Result "1-0"]
[WhiteElo "1812"]
[BlackElo "1847"]
[PlyCount "0"]
[EventDate "2023.04.07"]
[EventRounds "7"]
[EventCountry "ENG"]

1. e4 d6 2. d4 Nf6 3. Nc3 c6 4. f4 Qa5 5. Bd2 Qc7 6. Nf3 Bg4 7. Be2 Nbd7 8. e5 Nd5
9. Ne4 b5 10. a4 b4 11. c4 bxc3 12. bxc3 a5 13. h3 Bf5 14. exd6 exd6 15. Ng3 Ne7
16. Nh4 g6 17. Nhxf5 Nxf5 18. Nxf5 gxf5 19. Qc2 Be7 20. O-O Rg8 21. Qxf5 Nf6 22.
Bf3 Qd7 23. Qd3 d5 24. Kh1 Kf8 25. Rae1 Rg3 26. Kh2 Ne4 27. Qe2 Nxd2 28. Qxd2 Bh4
29. Re5 Rg6 30. Bg4 Rxg4 31. hxg4 Qxg4 32. Qd3 Bf6 33. Re3 Rb8 34. Qxh7 Rb2 35. Rg3
Qe2 36. Rff3 Rb1 37. Qh6+  1-0

[Event "3rd 4NCL Easter Congress"]
[Site "Mercure Daventry Court Hotel"]
[Date "2023.04.07"]
[Round "1"]
[Board "25"]
[White "Pyda, Arjun"]
[Black "Zakarian, Dimitrios Levon"]
[Result "0-1"]
[WhiteElo "1692"]
[BlackElo "1977"]
[PlyCount "0"]
[EventDate "2023.04.07"]
[EventRounds "7"]
[EventCountry "ENG"]

1. c4 Nf6 2. Nc3 e6 3. g3 d5 4. cxd5 exd5 5. d4 c6 6. Bg2 Bd6 7. Bg5 O-O 8. e3 Bf5
9. Nge2 Nbd7 10. O-O Qb6 11. Bxf6 Nxf6 12. Qd2 Rfe8 13. a3 a5 14. Nc1 h5 15. h3 Qc7
16. Nd3 Qd7 17. h4 Bh3 18. Rfe1 Bxg2 19. Kxg2 Qf5 20. Nf4 Bxf4 21. exf4 Ne4 22. Qc2
Nxg3 23. Qb3 Ne4 24. Nxe4 Rxe4 25. Qxb7 Rae8 26. Rg1 Rxf4 27. Rge1 Qg4+ 28. Kh1 Qh3+
29. Kg1 Rg4#  0-1

[Event "3rd 4NCL Easter Congress"]
[Site "Mercure Daventry Court Hotel"]
[Date "2023.04.08"]
[Round "2"]
[Board "1"]
[White "Arkell, Keith C"]
[Black "Baer, Bruce L"]
[Result "1-0"]
[WhiteElo "2392"]
[BlackElo "1963"]
[PlyCount "59"]
[EventDate "2023.04.07"]
[EventRounds "7"]
[EventCountry "ENG"]

1. d4 d6 2. g3 f5 3. Nf3 Nf6 4. Bg2 g6 5. c4 Bg7 6. O-O O-O 7. b3 Qe8 8. Bb2 Na6
9. Nbd2 c6 10. Qc2 d5 11. Ne5 Ne4 12. Nxe4 fxe4 13. f3 exf3 14. exf3 Bf5 15. Qe2
Bxe5 16. dxe5 dxc4 17. Qxc4+ Qf7 18. Qc3 Be6 19. f4 Nc7 20. Rae1 Qg7 21. Qb4 Rab8
22. Bd4 Nd5 23. Bxd5 Bxd5 24. e6 Qh6 25. Qxe7 Rbe8 26. Qd7 Rd8 27. Qxb7 Bxe6 28.
Bc3 Rf7 29. Qxc6 Bd5 30. Re8+  1-0